000 00531nam a2200193Ia 4500
005 20230412095522.0
008 131103s9999 xx 000 0 und d
040 _aLoreto College
041 _aEnglish
082 _aTAG 891.44
_bTAG-DEB
100 _aDebi, Maitreyi
245 _aMangpute Rabindranath
_cMaitreyi Debi
260 _aCalcutta
_bRupa & Co
_c1967
300 _a246p
650 _aTagore, Rabindranath, 1861-1941 - Criticism and Interpretation
651 _aBengali Literature
850 _aLCLIB
942 _cBK
999 _c16950
_d67429